000 00501nam a2200169Ia 4500
003 GCL
008 140319s9999 xx 000 0 ara d
040 _aGCL /
_cGCL
082 0 4 _a410
_bا ت
100 1 _aاسماعيل مظهر
245 1 0 _aتجديد العربية بحيث تصبح وافية بمطالب العلوم والفنون /
_cاسماعيل مظهر
300 _a79
490 _aكتاب
_v0
650 0 4 _aاللغات
650 0 4 _aاللغة العربية
942 _2ddc
_cBK
999 _c41072
_d41072